Score 0/277 Timer 10:00
0 Plays Today
Hint Answer % Correct
ArlingtonEagles
100%
BayardTigers
100%
BertrandVikings
100%
BradyEagles
100%
Broken BowIndians
100%
Bruning-Davenport-ShickelyEagles
100%
College View AcademyEagles
100%
Columbus LakeviewVikings
100%
Dundy County StrattonTigers
100%
East ButlerTigers
100%
Falls CityTigers
100%
FremontTigers
100%
Garden CountyEagles
100%
HastingsTigers
100%
Johnson-BrockEagles
100%
LewistonTigers
100%
MilfordEagles
100%
MinatareIndians
100%
MitchellTigers
100%
Nebraska ChristianEagles
100%
Lutheran High Northest (Norfolk)Eagles
100%
North Bend CentralTigers
100%
NorthwestVikings
100%
OgallalaIndians
100%
Omaha CentralEagles
100%
Omaha Christian Academy Eagles
100%
Omaha NorthVikings
100%
O'NeillEagles
100%
OvertonEagles
100%
OsmondTigers
100%
PalmerTigers
100%
Pawnee CityIndians
100%
PaxtonTigers
100%
PoncaIndians
100%
Southern ValleyEagles
100%
Tekamah-HermanTigers
100%
WausaVikings
100%
WaverlyVikings
100%
Weeping WaterIndians
100%
WinnebagoIndians
100%
Wood RiverEagles
100%
AinsworthBulldogs
91.7%
AllianceBulldogs
91.7%
Aquinas CatholicMonarchs
91.7%
Archbishop BerganKnights
91.7%
AuburnBulldogs
91.7%
BridgeportBulldogs
91.7%
CreightonBulldogs
91.7%
Elmwood-MurdockKnights
91.7%
Eustis-FarnamKnights
91.7%
FriendBulldogs
91.7%
GeringBulldogs
91.7%
HomerKnights
91.7%
Humphrey/Lindsay Holy FamilyBulldogs
91.7%
Keya Paha County (North Central)Knights
91.7%
Lincoln SoutheastKnights
91.7%
Lourdes Central CatholicKnights
91.7%
Mount Micheal BenedictineKnights
91.7%
Nebraska LutheranKnights
91.7%
Norolk CatholicKnights
91.7%
North PlatteBulldogs
91.7%
Oakland-CraigKnights
91.7%
Omaha BurkeBulldogs
91.7%
Omaha MercyMonarchs
91.7%
OsceolaBulldogs
91.7%
Papillion-LaVistaMonarchs
91.7%
PleasantonBulldogs
91.7%
Sandhills/ThedfordKnights
91.7%
SheltonBulldogs
91.7%
Adams CentralPatriots
83.3%
AlmaCardinals
83.3%
ArapahoeWarriors
83.3%
BlairBears
83.3%
Boone Central/Newman GroveCardinals
83.3%
ChadronCardinals
83.3%
Clarkson/LeighPatriots
83.3%
CreteCardinals
83.3%
CroftonWarriors
83.3%
DeshlerDragons
83.3%
Doniphan-TrumbullCardinals
83.3%
FullertonWarriors
83.3%
Gordon-RushvilleMustangs
83.3%
GretnaDragons
83.3%
HarvardCardinals
83.3%
Laurel-Concord-ColeridgeBears
83.3%
LeytonWarriors
83.3%
Lincoln LutheranWarriors
83.3%
MadisonDragons
83.3%
McCool JunctionMustangs
83.3%
MeridianMustangs
83.3%
Millard NorthMustangs
83.3%
Millard SouthPatriots
83.3%
Neligh-OakdaleWarriors
83.3%
Hint Answer % Correct
Omaha BryanBears
83.3%
Omaha ConcordiaMustangs
83.3%
Omaha Duchesne Academy Cardinals
83.3%
Omaha WestsideWarriors
83.3%
Parkview ChristianPatriots
83.3%
RandolphCardinals
83.3%
Raymond CentralMustangs
83.3%
Red CloudWarriors
83.3%
SanteeWarriors
83.3%
SchuylerWarriors
83.3%
Silver LakeMustangs
83.3%
Sioux CountyWarriors
83.3%
South Sioux CityCardinals
83.3%
St. Mary'sCardinals
83.3%
StantonMustangs
83.3%
Sumner-Eddyville-MillerMustangs
83.3%
SuttonMustangs
83.3%
WahooWarriors
83.3%
Ashland-GreenwoodBluejays
75%
AxtellWildcats
75%
Banner CountyWildcats
75%
Boyd CountySpartans
75%
Cedar BluffsWildcats
75%
Douglas County WestFalcons
75%
ElbaBluejays
75%
Elkhorn ValleyFalcons
75%
FreemanFalcons
75%
Guardian Angels Central CatholicBluejays
75%
Hartington/NewcastleWildcats
75%
Hitchock CountyFalcons
75%
Lincoln EastSpartans
75%
LouisvilleLions
75%
MaxwellWildcats
75%
Millard WestWildcats
75%
MorrillLions
75%
PierceBluejays
75%
RavennaBluejays
75%
SewardBluejays
75%
St. PaulWildcats
75%
SuperiorWildcats
75%
WallaceWildcats
75%
Wilcox-HildrethFalcons
75%
WinsideWildcats
75%
AmherstBroncos
66.7%
AuroraHuskies
66.7%
CentennialBroncos
66.7%
Falls City Sacred HeartIrish
66.7%
Fillmore CentralPanthers
66.7%
Grand IslandIslanders
66.7%
HamptonHawks
66.7%
HeartlandHuskies
66.7%
HersheyPanthers
66.7%
Humboldt-Table Rock-SteinauerTitans
66.7%
Lincoln HighLinks
66.7%
Lincoln NortheastRockets
66.7%
MullenBroncos
66.7%
NorfolkPanthers
66.7%
NorrisTitans
66.7%
North Platte St. Patrick'sIrish
66.7%
Omaha NorthwestHuskies
66.7%
PalmyraPanthers
66.7%
Papillion-LaVista SouthTitans
66.7%
Shelby-Rising CityHuskies
66.7%
StapletonBroncos
66.7%
StuartBroncos
66.7%
SyracuseRockets
66.7%
Thayer CentralTitans
66.7%
Twin RiverTitans
66.7%
Wanuneta-PalisadeBroncos
66.7%
West HoltHuskies
66.7%
Arthur CountyWolves
58.3%
Bancroft/Roaslie/Lyons-DecaturWolverines
58.3%
BeatriceOrange
58.3%
Bellevue WestThunderbirds
58.3%
Creek ValleyStorm
58.3%
Elkhorn SouthStorm
58.3%
Grand Island Central CatholicCrusaders
58.3%
High Plains CommunityStorm
58.3%
Johnson County CentralThunderbirds
58.3%
KenesawBlue Devils
58.3%
Lincoln ChristianCrusaders
58.3%
Lincoln North StarNavigators
58.3%
Lincoln Pius XThunderbirds
58.3%
LoomisWolves
58.3%
MindenWhippets
58.3%
Omaha BensonBunnies
58.3%
Omaha MarianCrusaders
58.3%
PenderPendragons
58.3%
PlattsmouthBlue Devils
58.3%
WayneBlue Devils
58.3%
Wilber-ClatoniaWolverines
58.3%
WynotBlue Devils
58.3%
YorkDukes
58.3%
Hint Answer % Correct
BenningtonBadgers
50%
BloomfieldBees
50%
Blue HillBobcats
50%
CambridgeTrojans
50%
Clearwater/Orchard/Ewing (Summerland)Bobcats
50%
Columbus ScotusShamrocks
50%
CozadHaymakers
50%
Emerson-HubbardPirates
50%
FranklinFlyers
50%
Hartington Cedar CatholicTrojans
50%
HemingfordBobcats
50%
Humphrey St. FrancisFlyers
50%
KearneyBearcats
50%
Lawrence-NelsonRaiders
50%
Lincoln SouthwestSilver Hawks
50%
Logan ViewRaiders
50%
Malcolm Clippers
50%
MeadRaiders
50%
Medicine ValleyRaiders
50%
Omaha Brownell TalbotRaiders
50%
Omaha NationChiefs
50%
Omaha Skutt CatholicSkyhawks
50%
PlainviewPirates
50%
PlatteviewTrojans
50%
ScottsbluffBearcats
50%
Scribner-SnyderTrojans
50%
SouthernRaiders
50%
Spalding AcademyShamrocks
50%
Tri CountyTrojans
50%
ValentineBadgers
50%
WakefieldTrojans
50%
Battle CreekBraves
41.7%
Boys TownCowboys
41.7%
Central ValleyCougars
41.7%
Cody-KilgoreCowboys
41.7%
ConsetogaCougars
41.7%
Cornerstone Christian Cougars
41.7%
Creighton Preparatory SchoolJunior Jays
41.7%
Cross CountyCougars
41.7%
Exeter-MilliganTimberwolves
41.7%
FairburyJeffs
41.7%
GiltnerHornets
41.7%
GothenburgSwedes
41.7%
Howells-DodgeJaguars
41.7%
Kearney CatholicStars
41.7%
Niobrara/VerdigreCougars
41.7%
Omaha Gross CatholicCougars
41.7%
Omaha SouthPackers
41.7%
OrdChanticleers
41.7%
Sandy CreekCougars
41.7%
Bellevue EastChieftains
33.3%
Bishop NeumannCavaliers
33.3%
Central CityBison
33.3%
ColumbusDiscoverers
33.3%
CrawfordRams
33.3%
Fort CalhounPioneers
33.3%
McCookBison
33.3%
Nebraska CityPioneers
33.3%
RalstonRams
33.3%
RiversideChargers
33.3%
BurwellLonghorns
25%
CenturaCenturions
25%
Chase CountyLonghorns
25%
David CityScouts
25%
Diller-OdellGriffins
25%
ElkhornAntlers
25%
HyannisLonghorns
25%
KimballLonghorns
25%
McPherson CountyLonghorns
25%
SargentBurgundy
25%
SterlingJets
25%
West Point-BeemerCadets
25%
Wisner-PilgerGators
25%
YutanChieftians
25%
Elgin Public/Pope JohnWolfpacks
16.7%
Elm CreekBuffaloes
16.7%
GibbonBuffaloes
16.7%
Hastings St. CeciliaBluehawks
16.7%
HoldregeDusters
16.7%
LexingtonMinutemen
16.7%
SidneyRed Raiders
16.7%
South PlatteBlue Knights
16.7%
St. EdwardBeavers
16.7%
WalthillBlujays
16.7%
Chambers/Wheelers CentralRenegades
8.3%
Omaha Roncalli CatholicCrimson Pride
8.3%
Perkins CountyPlainsmen
8.3%
Potter-DixCoyotes
8.3%
SutherlandSailors
8.3%
Heartland LutheranRed Hornets
0%
SouthwestRoughriders
0%

You're not logged in!

Compare scores with friends on all Sporcle quizzes.
OR
Log In

Sporcle TV

Today on Sporcle TV


Watch our educational content, quiz creation guides, and fun videos on Sporcle TV.

Show Comments

Extras

Created Sep 29, 2019ReportNominate
Tags:Sports Teams Quiz

Top Quizzes Today


Score Distribution

Paid Content

Your Account Isn't Verified!

In order to create a playlist on Sporcle, you need to verify the email address you used during registration. Go to your Sporcle Settings to finish the process.

Report this User

Report this user for behavior that violates our Community Guidelines.

Details: